[Event "Helsinki We Ilkka Kanko 70"]
[Site "Helsinki"]
[Date "2015.01.24"]
[Round "2"]
[White "Laitinen, Martti"]
[Black "Alkkiomaki, Jyrki"]
[Result "0-1"]
[WhiteElo "1760"]
[BlackElo "1942"]
[PlyCount "58"]
[EventDate "2015.01.23"]
[EventType "swiss"]
[EventRounds "5"]
[EventCountry "FIN"]
[SourceTitle "EXT 2022"]
[Source "ChessBase"]
[SourceDate "2021.10.06"]
[SourceVersion "1"]
[SourceVersionDate "2021.10.06"]
[SourceQuality "1"]

1. d4 d5 2. c4 e6 3. Nc3 Nf6 4. Bg5 Be7 5. e3 0-0 6. cxd5 exd5 7. Bd3 c6 8. Nge2 Re8 9. 0-0 Nbd7 10. f3 Nf8 11. e4 Nxe4 12. fxe4 Bxg5 13. exd5 cxd5 14. Nf4 Bxf4 15. Rxf4 Ng6 16. Bxg6 hxg6 17. Qf1 Be6 18. Re1 Qd7 19. Qb5 Qd6 20. Rf2 a6 21. Qb3 b5 22. a3 Rac8 23. Re5 Rc4 24. Qd1 b4 25. axb4 Qxb4 26. Rd2 Qd6 27. Nxd5 f6 28. Rxe6 Qxe6 29. Nf4 Qe3+ 0-1

[Event "EU-chT Seniors"]
[Site "Sibenik"]
[Date "2014.04.06"]
[Round "6.16"]
[White "Laitinen, Martti"]
[Black "Svensson, Soren"]
[Result "1-0"]
[WhiteElo "1770"]
[BlackElo "1998"]
[PlyCount "63"]
[EventDate "2014.04.01"]
[EventType "team-swiss"]
[EventRounds "9"]
[EventCountry "CRO"]
[SourceTitle "CBM 159 Extra"]
[Source "ChessBase"]
[SourceDate "2014.04.24"]
[SourceVersion "1"]
[SourceVersionDate "2014.04.24"]
[SourceQuality "1"]
[WhiteTeam "Finland Seniors II"]
[BlackTeam "Sweden Seniors IV"]
[WhiteTeamCountry "FIN"]
[BlackTeamCountry "SWE"]

1. d4 Nf6 2. c4 e6 3. Nc3 d5 4. Bg5 c6 5. e3 Be7 6. Qc2 Nbd7 7. cxd5 exd5 8. Bd3 0-0 9. Nge2 Re8 10. 0-0 Nf8 11. f3 Be6 12. e4 Rc8 13. e5 N6d7 14. Bxe7 Qxe7 15. f4 c5 16. f5 c4 17. fxe6 cxd3 18. exf7+ Qxf7 19. Qxd3 Qg6 20. Qf3 Qb6 21. Qxd5+ Kh8 22. Qb5 Qxb5 23. Nxb5 Rc2 24. Nd6 Re7 25. Nf4 Rxb2 26. Nd5 Re6 27. Rf7 h6 28. Raf1 Rxa2 29. Nf4 Rxd6 30. exd6 Rd2 31. d5 b5 32. Ne6 1-0

[Event "Helsinki-ch 2014 Group A2"]
[Site "Helsinki"]
[Date "2014.01.06"]
[Round "9"]
[White "Laitinen, Martti"]
[Black "Juselius, Harry"]
[Result "0-1"]
[WhiteElo "1811"]
[BlackElo "1866"]
[PlyCount "112"]
[EventDate "2013.12.29"]
[EventType "tourn"]
[EventRounds "9"]
[EventCountry "FIN"]
[SourceTitle "EXT 2022"]
[Source "ChessBase"]
[SourceDate "2021.10.06"]
[SourceVersion "1"]
[SourceVersionDate "2021.10.06"]
[SourceQuality "1"]

1. d4 d5 2. c4 e5 3. dxe5 d4 4. Nf3 Nc6 5. a3 f6 6. exf6 Nxf6 7. Bg5 Be7 8. Nbd2 0-0 9. Nb3 Be6 10. e3 dxe3 11. Bxe3 Qe8 12. Qc2 Ng4 13. Bd3 Qh5 14. Nbd4 Nxe3 15. fxe3 Bg4 16. Nxc6 bxc6 17. Be4 Rad8 18. 0-0 Qh6 19. Rae1 Bc5 20. Qc3 Bxf3 21. Rxf3 Rxf3 22. gxf3 Bd6 23. Qc2 Bc5 24. Qc3 Bd6 25. Qd2 Qh4 26. Rf1 Bxa3 27. Bxh7+ Kxh7 28. Qc2+ Kh8 29. bxa3 Qg5+ 30. Kf2 Qh4+ 31. Ke2 Qxh2+ 32. Rf2 Qg1 33. e4 c5 34. f4 Qa1 35. e5 Qg1 36. Kf3 Kg8 37. Rg2 Qf1+ 38. Kg4 Rd4 39. Qf2 Qd1+ 40. Kf5 Qh5+ 41. Rg5 Qf7+ 42. Kg4 Qe6+ 43. Kh4 Qxc4 44. Rg4 Qe6 45. Qg2 Qh6+ 46. Kg3 c6 47. Qe2 Qe6 48. f5 Qxf5 49. Rxd4 cxd4 50. e6 Qg5+ 51. Kf2 Qe3+ 52. Qxe3 dxe3+ 53. Kxe3 Kf8 54. Ke4 Ke7 55. Kf5 Kd6 56. Kg6 Kxe6 0-1

[Event "Helsinki-ch 2014 Group A2"]
[Site "Helsinki"]
[Date "2013.12.30"]
[Round "2"]
[White "Laitinen, Martti"]
[Black "Jalo, Pentti"]
[Result "1-0"]
[WhiteElo "1811"]
[BlackElo "1756"]
[PlyCount "132"]
[EventDate "2013.12.29"]
[EventType "tourn"]
[EventRounds "9"]
[EventCountry "FIN"]
[SourceTitle "EXT 2022"]
[Source "ChessBase"]
[SourceDate "2021.10.06"]
[SourceVersion "1"]
[SourceVersionDate "2021.10.06"]
[SourceQuality "1"]

1. d4 Nf6 2. c4 e6 3. Nc3 c5 4. d5 exd5 5. cxd5 d6 6. e4 Be7 7. Bd3 h6 8. Nge2 Nbd7 9. f4 Nb6 10. 0-0 a6 11. a4 c4 12. Bc2 Bg4 13. h3 Bxe2 14. Qxe2 Qc7 15. Be3 Nfd7 16. a5 Nc8 17. Bd4 Bf6 18. Bxf6 gxf6 19. Ba4 b5 20. axb6 Ncxb6 21. Bc6 Ra7 22. Rae1 Kf8 23. Qh5 Nb8 24. e5 dxe5 25. fxe5 fxe5 26. Qxe5 Qxe5 27. Rxe5 Nxc6 28. dxc6 Rc7 29. Rf6 Kg7 30. Rd6 Rhc8 31. Rc5 Re7 32. Kf2 Re6 33. Rxe6 fxe6 34. Ke3 Kf6 35. Ne4+ Ke7 36. Kd4 Rd8+ 37. Ke3 Rd3+ 38. Ke2 Rb3 39. c7 Kd7 40. c8Q+ Nxc8 41. Rxc4 Rxb2+ 42. Kf3 Nb6 43. Nf6+ Ke7 44. Ng8+ Kf8 45. Rg4 Rb3+ 46. Kf2 h5 47. Rg5 Nd5 48. Nh6 Rb2+ 49. Kf3 Rb3+ 50. Kf2 Ke7 51. Rxh5 Rb2+ 52. Kf3 Rb3+ 53. Kf2 a5 54. Ng4 Rb2+ 55. Kf3 a4 56. Rh7+ Kd6 57. Ra7 Rb3+ 58. Kf2 a3 59. Ra6+ Ke7 60. Ra7+ Kd6 61. Ra6+ Kc5 62. Ne5 Rb2+ 63. Kf3 Rb3+ 64. Kf2 Rb2+ 65. Kf3 Rb3+ 66. Kf2 Rb2+ 1-0

[Event "Helsinki We Garde 9th Group Seniors"]
[Site "Helsinki"]
[Date "2013.09.14"]
[Round "2"]
[White "Laitinen, Martti"]
[Black "Taskinen, Heikki"]
[Result "1-0"]
[WhiteElo "1811"]
[BlackElo "1734"]
[PlyCount "27"]
[EventDate "2013.09.13"]
[EventType "tourn"]
[EventRounds "5"]
[EventCountry "FIN"]
[SourceTitle "EXT 2022"]
[Source "ChessBase"]
[SourceDate "2021.10.06"]
[SourceVersion "1"]
[SourceVersionDate "2021.10.06"]
[SourceQuality "1"]

1. d4 d5 2. c4 e5 3. dxe5 d4 4. Nf3 Nc6 5. a3 Bg4 6. b4 Bxf3 7. gxf3 Nxe5 8. Nd2 Qe7 9. Qb3 d3 10. e4 Qf6 11. Bb2 Nxf3+ 12. Nxf3 Qxf3 13. Qxd3 Qxh1 14. 0-0-0 1-0

[Event "FIN-ch Seniors"]
[Site "Mantta"]
[Date "2013.06.14"]
[Round "3.5"]
[White "Patola, Eero"]
[Black "Laitinen, Martti"]
[Result "1-0"]
[WhiteElo "1932"]
[BlackElo "1811"]
[PlyCount "99"]
[EventDate "2013.06.13"]
[EventType "swiss"]
[EventRounds "7"]
[EventCountry "FIN"]
[SourceTitle "EXT 2022"]
[Source "ChessBase"]
[SourceDate "2021.10.06"]
[SourceVersion "1"]
[SourceVersionDate "2021.10.06"]
[SourceQuality "1"]

1. e4 c5 2. c4 Nc6 3. Nc3 g6 4. g3 Bg7 5. Bg2 d6 6. Nge2 e6 7. 0-0 Nge7 8. d3 0-0 9. Rb1 Rb8 10. a3 a6 11. Be3 Nd4 12. Bxd4 cxd4 13. Na2 b5 14. b4 bxc4 15. dxc4 e5 16. b5 Qc7 17. Qa4 axb5 18. cxb5 Be6 19. Nb4 Ra8 20. Na6 Qc4 21. Qd1 Rxa6 22. bxa6 Qxa6 23. Ra1 Bc4 24. Re1 d5 25. Nc1 Rb8 26. exd5 Nxd5 27. Bxd5 Bxd5 28. Nd3 Qd6 29. f3 f6 30. Nb4 Be6 31. Rc1 Bd7 32. Qc2 Bh6 33. Qc7 Qxc7 34. Rxc7 Bb5 35. Nd5 Bg7 36. Rb1 f5 37. a4 e4 38. Rxb5 Rd8 39. fxe4 fxe4 40. Re7 d3 41. Kf1 Rf8+ 42. Ke1 Bh6 43. Nf4 g5 44. Ne6 Rc8 45. Rc7 Re8 46. Nxg5 e3 47. Rc6 e2 48. Rd6 Rc8 49. Rxd3 Rc1+ 50. Kxe2 1-0

[Event "FIN-ch Seniors"]
[Site "Finland"]
[Date "2011.06.08"]
[Round "8"]
[White "Jarvinen, Seppo"]
[Black "Laitinen, Martti"]
[Result "1-0"]
[WhiteElo "1902"]
[BlackElo "1804"]
[PlyCount "87"]
[EventDate "2011.06.01"]
[EventType "tourn"]
[EventRounds "9"]
[EventCountry "FIN"]
[SourceTitle "EXT 2022"]
[Source "ChessBase"]
[SourceDate "2021.10.06"]
[SourceVersion "1"]
[SourceVersionDate "2021.10.06"]
[SourceQuality "1"]

1. e4 c5 2. Nf3 Nc6 3. d4 cxd4 4. Nxd4 Nf6 5. Nxc6 bxc6 6. Nc3 e5 7. Bd3 Be7 8. 0-0 0-0 9. b3 d6 10. Bb2 Bg4 11. Be2 Qd7 12. Bxg4 Qxg4 13. Qxg4 Nxg4 14. Rad1 Rad8 15. Ne2 f5 16. exf5 Nh6 17. c4 Nxf5 18. Ng3 Nxg3 19. hxg3 Rfe8 20. Rfe1 Kf7 21. f4 exf4 22. gxf4 d5 23. cxd5 Bc5+ 24. Kf1 Rxe1+ 25. Kxe1 Rxd5 26. Rxd5 cxd5 27. Ke2 g6 28. Kd3 Ke6 29. Bd4 Bxd4 30. Kxd4 Kf5 31. b4 Kxf4 32. a4 h5 33. b5 h4 34. a5 Kg3 35. b6 axb6 36. a6 Kxg2 37. a7 h3 38. a8Q h2 39. Qxd5+ Kg1 40. Qg5+ Kf1 41. Qf4+ Kg2 42. Qg4+ Kf2 43. Qh3 Kg1 44. Qg3+ 1-0

[Event "FIN-ch Seniors"]
[Site "Finland"]
[Date "2011.06.06"]
[Round "6"]
[White "Kangas, Mauno"]
[Black "Laitinen, Martti"]
[Result "1-0"]
[WhiteElo "1893"]
[BlackElo "1804"]
[PlyCount "63"]
[EventDate "2011.06.01"]
[EventType "tourn"]
[EventRounds "9"]
[EventCountry "FIN"]
[SourceTitle "EXT 2022"]
[Source "ChessBase"]
[SourceDate "2021.10.06"]
[SourceVersion "1"]
[SourceVersionDate "2021.10.06"]
[SourceQuality "1"]

1. Nf3 Nf6 2. d3 d5 3. c4 d4 4. e4 Bg4 5. h3 Bxf3 6. Qxf3 e5 7. Be2 Bb4+ 8. Nd2 a5 9. 0-0 Nc6 10. a3 Be7 11. Qg3 g6 12. Nf3 Nh5 13. Qh2 Qd6 14. Ne1 Nf4 15. Bd1 0-0-0 16. g3 Ne6 17. f3 f5 18. Qc2 Rdf8 19. Bd2 Bg5 20. c5 Qe7 21. b4 fxe4 22. dxe4 Bxd2 23. Qxd2 Qg5 24. Qxg5 Nxg5 25. h4 Ne6 26. Nd3 Ng7 27. Bb3 Re8 28. Bd5 Ne7 29. Bf7 Ref8 30. Nxe5 Nh5 31. Be6+ Kd8 32. Rad1 1-0

[Event "FIN-ch Seniors"]
[Site "Helsinki"]
[Date "2010.06.20"]
[Round "7"]
[White "Hurme, Harri M"]
[Black "Laitinen, Martti"]
[Result "1-0"]
[WhiteElo "2269"]
[BlackElo "1843"]
[PlyCount "53"]
[EventDate "2010.06.14"]
[EventType "tourn"]
[EventRounds "7"]
[EventCountry "FIN"]
[SourceTitle "EXT 2022"]
[Source "ChessBase"]
[SourceDate "2021.10.06"]
[SourceVersion "1"]
[SourceVersionDate "2021.10.06"]
[SourceQuality "1"]

1. d4 Nf6 2. c4 g6 3. Nc3 Bg7 4. e4 d6 5. Nge2 0-0 6. Ng3 c5 7. d5 e6 8. Be2 exd5 9. exd5 a6 10. Bf4 Nbd7 11. Bxd6 Re8 12. Qd2 Qb6 13. Bf4 h5 14. 0-0 h4 15. Nh1 Ne4 16. Nxe4 Rxe4 17. Bd3 Re8 18. Rab1 Ne5 19. Rfe1 h3 20. Ng3 hxg2 21. Kxg2 Bg4 22. Bxe5 Rxe5 23. Rxe5 Bxe5 24. Qg5 Bxg3 25. hxg3 Bd7 26. Qe7 Be8 27. b4 1-0

[Event "FIN-ch Seniors"]
[Site "Helsinki"]
[Date "2010.06.17"]
[Round "4"]
[White "Kangas, Mauno"]
[Black "Laitinen, Martti"]
[Result "1-0"]
[WhiteElo "1935"]
[BlackElo "1843"]
[PlyCount "125"]
[EventDate "2010.06.14"]
[EventType "tourn"]
[EventRounds "7"]
[EventCountry "FIN"]
[SourceTitle "EXT 2022"]
[Source "ChessBase"]
[SourceDate "2021.10.06"]
[SourceVersion "1"]
[SourceVersionDate "2021.10.06"]
[SourceQuality "1"]

1. Nf3 c5 2. g3 Nc6 3. d4 cxd4 4. Nxd4 e6 5. Bg2 d5 6. 0-0 Nf6 7. Nc3 Bc5 8. Nb3 Bb6 9. Na4 Bc7 10. Bg5 h6 11. Be3 b6 12. Nc3 0-0 13. Nb5 Bb8 14. N5d4 Bb7 15. c3 Ng4 16. Bd2 Nge5 17. Qc2 Nc4 18. Be1 Nxd4 19. Nxd4 Be5 20. b3 Nd6 21. a4 Rc8 22. Qa2 Bf6 23. e3 e5 24. Nb5 a6 25. Nxd6 Qxd6 26. Rc1 e4 27. Bd2 b5 28. Rfd1 Qb6 29. Bf1 Bc6 30. a5 Qb7 31. c4 dxc4 32. bxc4 Rfd8 33. Rb1 Rb8 34. Rb3 Qd7 35. Be2 Qe6 36. Qb1 Qe8 37. cxb5 Bxb5 38. Bxb5 Rxb5 39. Rxb5 axb5 40. Bb4 Rxd1+ 41. Qxd1 Qc6 42. Qd6 Qe8 43. a6 Be5 44. Qc5 Bb8 45. a7 Bxa7 46. Qxa7 f6 47. Qd4 Kf7 48. Qd5+ Kg6 49. h4 Qe5 50. Qxe5 fxe5 51. Kf1 h5 52. Ke2 Kf5 53. Kd2 g5 54. hxg5 Kxg5 55. Bd6 Kf5 56. Kc3 Kg4 57. Bxe5 Kf3 58. Kb4 Kxf2 59. Bf4 Kf3 60. Kxb5 Kg4 61. Kc4 h4 62. gxh4 Kxh4 63. Kd4 1-0

[Event "FIN-ch op"]
[Site "Mantta"]
[Date "2009.08.07"]
[Round "7"]
[White "Laitinen, Martti"]
[Black "Turtiainen, Tauno"]
[Result "0-1"]
[WhiteElo "1857"]
[BlackElo "2053"]
[PlyCount "82"]
[EventDate "2009.08.03"]
[EventType "swiss"]
[EventRounds "9"]
[EventCountry "FIN"]
[SourceTitle "EXT 2022"]
[Source "ChessBase"]
[SourceDate "2021.10.06"]
[SourceVersion "1"]
[SourceVersionDate "2021.10.06"]
[SourceQuality "1"]

1. d4 Nf6 2. c4 g6 3. Nc3 Bg7 4. e4 d6 5. Nf3 0-0 6. Be2 e5 7. d5 a5 8. Bg5 h6 9. Bh4 Na6 10. Nd2 Qe8 11. f3 Nc5 12. g4 Nh7 13. Qc2 Bd7 14. Nb5 Qb8 15. 0-0 f5 16. gxf5 gxf5 17. Kh1 c6 18. Nc3 Qe8 19. Rg1 Kh8 20. Bf2 Ng5 21. Bxc5 dxc5 22. exf5 Bxf5 23. Bd3 Bxd3 24. Qxd3 Nh3 25. Rg2 Nf4 26. Qf1 Nxg2 27. Qxg2 Rd8 28. Nde4 b5 29. Nxc5 cxd5 30. cxd5 b4 31. Ne6 Qf7 32. Nxd8 Rxd8 33. Ne4 Rxd5 34. Qe2 Qd7 35. b3 Qd8 36. Rg1 Qe8 37. Rd1 Rd4 38. Rg1 Rd8 39. Rd1 Ra8 40. Qc4 Qf8 41. Qc5 Qxf3+ 0-1

[Event "FIN-ch op"]
[Site "Mantta"]
[Date "2009.08.05"]
[Round "4"]
[White "Laitinen, Martti"]
[Black "Vehkalahti, Veli"]
[Result "0-1"]
[WhiteElo "1857"]
[BlackElo "2047"]
[PlyCount "46"]
[EventDate "2009.08.03"]
[EventType "swiss"]
[EventRounds "9"]
[EventCountry "FIN"]
[SourceTitle "EXT 2022"]
[Source "ChessBase"]
[SourceDate "2021.10.06"]
[SourceVersion "1"]
[SourceVersionDate "2021.10.06"]
[SourceQuality "1"]

1. d4 Nf6 2. c4 c5 3. d5 b5 4. cxb5 a6 5. b6 Qxb6 6. Nc3 d6 7. e4 g6 8. a4 Bg7 9. a5 Qc7 10. Bc4 0-0 11. Nge2 Nbd7 12. f4 Rb8 13. Ra2 Re8 14. 0-0 Nf8 15. h3 Rb4 16. Qd3 e6 17. Ng3 exd5 18. exd5 h5 19. h4 Ng4 20. b3 Bd4+ 21. Kh1 Qe7 22. Nge4 Qxh4+ 23. Qh3 Nf2+ 0-1

[Event "FIN-ch op"]
[Site "Mantta"]
[Date "2009.08.04"]
[Round "2"]
[White "Suuronen, Petri"]
[Black "Laitinen, Martti"]
[Result "1/2-1/2"]
[WhiteElo "1946"]
[BlackElo "1857"]
[PlyCount "115"]
[EventDate "2009.08.03"]
[EventType "swiss"]
[EventRounds "9"]
[EventCountry "FIN"]
[SourceTitle "EXT 2022"]
[Source "ChessBase"]
[SourceDate "2021.10.06"]
[SourceVersion "1"]
[SourceVersionDate "2021.10.06"]
[SourceQuality "1"]

1. Nf3 Nf6 2. c4 g6 3. Nc3 Bg7 4. e4 d6 5. d4 0-0 6. Be2 e5 7. dxe5 dxe5 8. Qxd8 Rxd8 9. Bg5 Rf8 10. Nd5 Nxd5 11. cxd5 h6 12. Be3 Rd8 13. Bc4 c6 14. Rc1 Bd7 15. Nd2 cxd5 16. Bxd5 Bc6 17. Bc4 Nd7 18. f3 Nb6 19. Bb3 Rac8 20. Kf2 Bf8 21. a3 Kg7 22. Rhd1 Rd3 23. Bc2 Rdd8 24. Bxb6 axb6 25. Nc4 Bc5+ 26. Ke1 Bd4 27. a4 b5 28. axb5 Bxb5 29. Na3 Ba6 30. Rb1 Bg1 31. h3 Rxd1+ 32. Rxd1 Bd4 33. Rb1 b6 34. Kd2 Rd8 35. Ke1 Be3 36. Rd1 Rxd1+ 37. Bxd1 Bc1 38. Be2 Bxe2 39. Kxe2 Bxb2 40. Nc4 Bd4 41. Kd3 f6 42. Nd6 Kf8 43. Kc4 Ke7 44. Kd5 Kd7 45. g4 Bc5 46. Nb5 Bb4 47. Kc4 Be1 48. Kd5 Bd2 49. Nd6 Bb4 50. Nb5 Be7 51. Nc3 Bb4 52. Nb5 Bc5 53. Nc3 Ke7 54. Nb5 Kd7 55. Na7 Ba3 56. Nb5 Bc5 57. Nc3 Bb4 58. Nb5 1/2-1/2

[Event "EU-chT Seniors 11th"]
[Site "Velden"]
[Date "2009.04.12"]
[Round "8"]
[White "Reinemann, Guenter"]
[Black "Laitinen, Martti"]
[Result "1-0"]
[WhiteElo "1968"]
[BlackElo "1855"]
[PlyCount "223"]
[EventDate "2009.04.05"]
[EventType "team-swiss"]
[EventRounds "9"]
[EventCountry "AUT"]
[SourceTitle "CBM 129 Extra"]
[Source "ChessBase"]
[SourceDate "2009.05.05"]
[SourceVersion "2"]
[SourceVersionDate "2009.05.20"]
[SourceQuality "1"]

1. e4 c5 2. Nc3 Nc6 3. g3 g6 4. Bg2 Bg7 5. Nge2 e6 6. d3 Nge7 7. 0-0 0-0 8. Bd2 d5 9. Qc1 Rb8 10. a4 d4 11. Nb5 a6 12. Na3 b5 13. f4 e5 14. f5 f6 15. Qe1 g5 16. Bf3 Bd7 17. h4 h6 18. hxg5 fxg5 19. g4 Bf6 20. Ng3 Be8 21. Kg2 Kg7 22. Rh1 Rh8 23. Qf2 Bf7 24. Nh5+ Bxh5 25. Rxh5 Qf8 26. Qe2 Kf7 27. Kg3 Qg7 28. Rhh1 Ng8 29. Qh2 Kf8 30. Qh5 Qf7 31. Qxf7+ Kxf7 32. axb5 axb5 33. c3 Nge7 34. c4 bxc4 35. Nxc4 Nb4 36. Bxb4 Rxb4 37. Ra7 Kg7 38. Rha1 Rhb8 39. Rc7 R4b5 40. Raa7 Kf8 41. Kf2 Rc8 42. Rcb7 Rxb7 43. Rxb7 Rc6 44. Nb6 Ke8 45. Nd5 Nxd5 46. exd5 Ra6 47. Ke1 Be7 48. Kd2 Ra1 49. Rb6 Rf1 50. Ke2 Rb1 51. d6 Bd8 52. Bc6+ Kf7 53. Rb8 Ba5 54. Rb7+ Kf8 55. Rb5 Re1+ 56. Kf2 Ra1 57. Rb8+ Kf7 58. Be8+ Kf6 59. Rb7 e4 60. Rf7+ Ke5 61. Re7+ Kxd6 62. Rxe4 Bd8 63. Bf7 Ra7 64. Re6+ Kc7 65. Re2 Kd6 66. Bc4 Re7 67. Be6 Rc7 68. b3 Bf6 69. Ra2 Ke7 70. Kf3 Be5 71. Ra6 Bg7 72. Bc4 Kf8 73. Ke4 Ke7 74. Rg6 Kd8 75. f6 Bf8 76. Rg8 Ke8 77. Kf5 Ra7 78. Ke6 Rb7 79. Kf5 Rb6 80. Kg6 Rb7 81. Rh8 Rc7 82. Rxf8+ Kxf8 83. Kxh6 Ra7 84. Kxg5 Rh7 85. Kg6 Rh8 86. g5 Rh2 87. Kf5 Rf2+ 88. Kg6 Rf1 89. f7 Rf2 90. Be6 Rf1 91. Bf5 Ra1 92. Kf6 Ra6+ 93. Be6 Ra1 94. g6 Rf1+ 95. Bf5 Rg1 96. Be4 Rg3 97. Ke6 Rg1 98. Bf5 Rg5 99. Kf6 Rg1 100. Be4 Rg3 101. Ke6 Rg1 102. Kd5 Rg5+ 103. Kc4 Kg7 104. Bd5 Rxg6 105. Kxc5 Rg4 106. b4 Kf8 107. b5 Rh4 108. b6 Rh8 109. Kd6 Rh6+ 110. Be6 Rh5 111. b7 Rb5 112. Bd5 1-0

[Event "EU-chT Seniors 11th"]
[Site "Velden"]
[Date "2009.04.11"]
[Round "7"]
[White "Laitinen, Martti"]
[Black "Rost van Tonningen, Otto"]
[Result "0-1"]
[WhiteElo "1855"]
[BlackElo "2049"]
[PlyCount "56"]
[EventDate "2009.04.05"]
[EventType "team-swiss"]
[EventRounds "9"]
[EventCountry "AUT"]
[SourceTitle "CBM 129 Extra"]
[Source "ChessBase"]
[SourceDate "2009.05.05"]
[SourceVersion "2"]
[SourceVersionDate "2009.05.20"]
[SourceQuality "1"]

1. d4 d5 2. c4 e5 3. dxe5 d4 4. Nf3 Nc6 5. a3 a5 6. Nbd2 Bc5 7. Nb3 Ba7 8. Bg5 Qd7 9. h4 h6 10. Bf4 Nge7 11. Qd3 Qg4 12. g3 Bf5 13. Bh3 Bxd3 14. Bxg4 Bxc4 15. Nbd2 Be6 16. Bxe6 fxe6 17. g4 0-0-0 18. 0-0-0 Rd5 19. h5 Rf8 20. Bg3 Rb5 21. Ne4 Nd5 22. g5 Nf4 23. Bxf4 Rxf4 24. gxh6 gxh6 25. Neg5 Nxe5 26. Nxe6 Rf6 27. Nexd4 Rc5+ 28. Kb1 b6 0-1